Normal view
MARC view
Entry Nombre personal
001 - NÚMERO DE CONTROL
- campo de control: 10514
003 - IDENTIFICADOR DE NÚMERO DE CONTROL
- campo de control: BJBSDDR
005 - FECHA Y HORA DE LA ÚLTIMA TRANSACCIÓN
- campo de control: 20230805183029.0
008 - ELEMENTOS DE DATO DE LONGITUD-FIJA
- campo de control de longitud fija: 200110|| aca||aabn | a|a d
040 ## - FUENTE DE CATALOGACIÓN
- Centro catalogador/agencia de origen: BJBSDDR
100 1# - ENCABEZAMIENTO-NOMBRE DE PERSONA
- Nombre de persona: Andersen, Hans Christian,
- Fechas asociadas al nombre: 1805-1875.
- Título de la obra: Traje nuevo del emperador.


